00325nam a2200097Ia 4500008004100000100001500041245004600056245005800102260000900160856005800169160531s9999 xx 000 0 und d aHansen, J. aEarth's Energy Imbalance and Implications cby J. Hansen, M. Sato, P. Kharecha, K. von Schuckmann c2011 uhttps://arxiv.org/ftp/arxiv/papers/1105/1105.1140.pdf